Statistics for States with Highest % in Largest Metro Area

Click here to take the quiz!

General Stats

  • This quiz has been taken 58 times
  • The average score is 12 of 14

Answers on the Map

Answers color-coded by a green-red scale on the quiz's map according to % correct below.
 

Answer Stats

PercentState% Correct
61%New York
96%
68%Arizona
90%
100%Rhode Island
88%
52%Washington
88%
70%Hawaii
86%
68%Illinois
86%
73%Nevada
86%
72%New Jersey
86%
64%Massachusetts
84%
58%Delaware
80%
57%Georgia
80%
54%Alaska
76%
51%Colorado
76%
62%Minnesota
64%

Score Distribution

Percentile by Number Answered

Percent of People with Each Score

Your Score History

You have not taken this quiz